| 000 | 00742nam a2200217Ii 4500 | ||
|---|---|---|---|
| 003 | JO-AjNU | ||
| 008 | 230605s9999||||xx |||||||||||||| ||und|| | ||
| 017 | _a2010/4/1184 | ||
| 040 |
_aJO-AjNU _bara _erda _cJO-AjNU |
||
| 041 | _aara | ||
| 050 | 1 | 4 | _aBF636.6.A286.2011 |
| 100 | 3 |
_aأبو أسعد، احمد عبد اللطيف , _eauthor _944571 |
|
| 245 | 0 | 0 | _aعلم النفس الإرشادي=Counseling Psychology |
| 250 | _aط1 | ||
| 264 | 3 | 1 | _aعمان:دار المسيرة للنشر والتوزيع والطباعة ،2011 |
| 300 | _a423ص | ||
| 336 |
_atext _btxt _2rdacontent |
||
| 337 |
_aunmediated _bn _2rdamedia |
||
| 338 |
_avolume _bnc _2rdacarrier |
||
| 650 | 4 |
_aالارشاد النفسي-علم النفس _944572 |
|
| 999 |
_aA19255 _c22823 _d22823 |
||